| 000 | 00886nas a2200277 4500 | ||
|---|---|---|---|
| 001 | BR0604157 | ||
| 003 | BR-BrBNA | ||
| 005 | 20231205110410.0 | ||
| 007 | ta | ||
| 008 | 230509b bl.|||p| |||| 00| 00por d | ||
| 040 |
_aBR-BrBNA _bpor _cBiblioteca Nacional de Agricultura |
||
| 041 | _a(Pt) | ||
| 072 | _aP34; F04 | ||
| 100 | 1 | _aCarvalho, A.V. de | |
| 100 | 1 | _aAlves, B.J.R. | |
| 100 | 1 | _aReis, V.M. | |
| 245 | 1 | _aResposta do dendezeiro à adição de nitrogênio e sua influência na população de bactérias diazotróficas | |
| 650 | _aDENDÊ | ||
| 650 | _aFERTILIZANTE NITROGENADO | ||
| 650 | _aFIXAÇÃO DE NITROGÊNIO | ||
| 650 | _aGENÓTIPO | ||
| 650 | _aRESPOSTA DA PLANTA | ||
| 773 | 0 |
_tPesquisa Agropecuária Brasileira (Brazil) _xISSN 0100-204X _g(Feb 2006), v. 41(2) p. 293-300 _wBR0604157 |
|
| 909 |
_a202311 _bLúcia _c55 _dLúcia Elande |
||
| 942 |
_2AGRIS _n0 _cANA |
||
| 999 |
_c187240 _d187240 |
||